Tidy's Physiotherapy (Record no. 739)

MARC details
000 -LEADER
fixed length control field 00543nam a22002057a 4500
003 - CONTROL NUMBER IDENTIFIER
control field OSt
005 - DATE AND TIME OF LATEST TRANSACTION
control field 20170217174614.0
008 - FIXED-LENGTH DATA ELEMENTS--GENERAL INFORMATION
fixed length control field 141111b xxu||||| |||| 00| 0 eng d
020 ## - INTERNATIONAL STANDARD BOOK NUMBER
International Standard Book Number 9780702043444
040 ## - CATALOGING SOURCE
Transcribing agency DNLM
082 ## - DEWEY DECIMAL CLASSIFICATION NUMBER
Classification number WB460 T438s 2013
100 ## - MAIN ENTRY--PERSONAL NAME
Personal name Edited by Porter, Stuart
9 (RLIN) 11609
245 ## - TITLE STATEMENT
Title Tidy's Physiotherapy
250 ## - EDITION STATEMENT
Edition statement 15th ed.
260 ## - PUBLICATION, DISTRIBUTION, ETC. (IMPRINT)
Place of publication, distribution, etc. London;
Name of publisher, distributor, etc. Saunders,
Date of publication, distribution, etc. 2013.
300 ## - PHYSICAL DESCRIPTION
Extent xv, 668 p :
Other physical details col.ill ;
Dimensions 27 cm.
504 ## - BIBLIOGRAPHY, ETC. NOTE
Bibliography, etc includes references and Index.
650 ## - SUBJECT ADDED ENTRY--TOPICAL TERM
Topical term or geographic name as entry element Physiotherapy
9 (RLIN) 1959
942 ## - ADDED ENTRY ELEMENTS (KOHA)
Source of classification or shelving scheme Other/Generic Classification Scheme
Koha item type Short Loan
Holdings
Withdrawn status Lost status Source of classification or shelving scheme Damaged status Not for loan Home library Current library Date acquired Source of acquisition Inventory number Total Checkouts Full call number Barcode Date last seen Koha item type Total Renewals Checked out Date last checked out
    Other/Generic Classification Scheme     MUST Main Library Faculty of Interdisciplinary Studies Library 02/06/2015   14/37447 4 WB 460 T438s 2013 2015-1741 18/11/2019 Open Shelf 1 02/12/2019 18/11/2019
    Other/Generic Classification Scheme     MUST Main Library MUST Main Library 11/11/2014   14/37448   WB 460 T438s 2013 2014-3349 11/11/2014 Short Loan      
    Other/Generic Classification Scheme     MUST Main Library MUST Main Library 10/06/2015   15/39238   WB 460 T438s 2013 2015-1807 10/06/2015 Open Shelf      
    Other/Generic Classification Scheme     MUST Main Library MUST Main Library 14/03/2018   17/40618   WB460 T438s 2013 2018-0170 14/03/2018 Short Loan